[Event "Guardamar Esphouses op 1st"]
[Site "Guardamar del Segura"]
[Date "2023.09.04"]
[Round "1"]
[White "Valdes, Luis Enrique"]
[Black "Altelarrea Hernando, Rodrigo"]
[Result "1-0"]
[WhiteElo "2398"]
[BlackElo "1618"]
[PlyCount "69"]
[EventDate "2023.09.04"]
[EventType "swiss"]
[EventRounds "9"]
[EventCountry "ESP"]
[SourceTitle "EXT 2024"]
[Source "ChessBase"]
[SourceDate "2023.10.10"]
[SourceVersion "1"]
[SourceVersionDate "2023.10.10"]
[SourceQuality "1"]

1. Nf3 Nf6 2. c4 g6 3. g3 Bg7 4. Bg2 0-0 5. Nc3 c5 6. 0-0 d5 7. cxd5 Nxd5 8. Nxd5 Qxd5 9. d3 Nc6 10. Be3 b6 11. Nd4 Qd6 12. Nxc6 Bb7 13. Bf4 e5 14. Nxe5 Bxg2 15. Nxg6 Qxg6 16. Kxg2 Bxb2 17. Rb1 Bf6 18. Qd2 Rfd8 19. Rfc1 h5 20. Qe3 Rac8 21. Rc4 Rd4 22. Rxd4 cxd4 23. Qf3 Rc2 24. a4 Qg4 25. Bb8 Qxf3+ 26. Kxf3 a5 27. Rxb6 Be7 28. Bd6 Bg5 29. Rb5 Bd2 30. Rxh5 Ra2 31. Be5 f6 32. Bxd4 Rxa4 33. Bxf6 Rb4 34. Rxa5 Rb6 35. Rf5 1-0

[Event "San Pedro de Macoris zt 2.3"]
[Site "San Pedro de Macoris"]
[Date "2022.03.24"]
[Round "8"]
[White "Valdes, Luis Enrique"]
[Black "Ibarra Chami, Luis Fernando"]
[Result "1/2-1/2"]
[WhiteElo "2396"]
[BlackElo "2442"]
[PlyCount "131"]
[EventDate "2022.03.20"]
[EventType "swiss"]
[EventRounds "9"]
[EventCountry "DOM"]
[SourceTitle "EXT 2023"]
[Source "ChessBase"]
[SourceDate "2022.10.05"]
[SourceVersion "1"]
[SourceVersionDate "2022.10.05"]
[SourceQuality "1"]

1. c4 e6 2. Nf3 d5 3. e3 Nf6 4. Nc3 c5 5. cxd5 exd5 6. Bb5+ Bd7 7. Bxd7+ Nbxd7 8. b3 Rc8 9. 0-0 Bd6 10. Bb2 0-0 11. d4 c4 12. bxc4 Rxc4 13. Qd3 Qa5 14. Nd2 Rc6 15. Nb3 Qd8 16. g3 a6 17. Rac1 Qe7 18. Rc2 Qe6 19. Rfc1 h5 20. Nb1 Rxc2 21. Rxc2 h4 22. N1d2 Qg4 23. Nf1 Ne4 24. Qe2 Qf5 25. Rc1 hxg3 26. hxg3 g6 27. Nbd2 Ndf6 28. Nh2 Kg7 29. Nxe4 dxe4 30. d5 Be5 31. Bxe5 Qxe5 32. Rd1 Rd8 33. Qc2 Rxd5 34. Rxd5 Qxd5 35. Qb2 b5 36. Kg2 Qe6 37. Nf1 g5 38. Nd2 Qf5 39. Qd4 Kg6 40. a4 bxa4 41. Qxa4 Qd5 42. Nc4 Qb5 43. Qa2 Nd5 44. Qc2 Nf6 45. Qc3 Qf5 46. Ne5+ Kg7 47. Kg1 Kg8 48. Qd4 Ng4 49. Qd8+ Kg7 50. Nxg4 Qxg4 51. Qd4+ Kg6 52. Qh8 Qe6 53. Qg8+ Kf6 54. Qd8+ Kf5 55. Kg2 Qc6 56. Qf8 Qc7 57. Qe8 Qb7 58. Qd8 Qb5 59. Qc8+ Kf6 60. Qd8+ Ke6 61. Qc8+ Kd6 62. Qf8+ Ke6 63. Qc8+ Ke5 64. Qc7+ Ke6 65. Qc8+ Kd6 66. Qe8 1/2-1/2

[Event "San Pedro de Macoris zt 2.3"]
[Site "San Pedro de Macoris"]
[Date "2022.03.22"]
[Round "4"]
[White "Del Castilho, Martyn Simon"]
[Black "Valdes, Luis Enrique"]
[Result "1/2-1/2"]
[WhiteElo "2304"]
[BlackElo "2396"]
[PlyCount "61"]
[EventDate "2022.03.20"]
[EventType "swiss"]
[EventRounds "9"]
[EventCountry "DOM"]
[SourceTitle "EXT 2023"]
[Source "ChessBase"]
[SourceDate "2022.10.05"]
[SourceVersion "1"]
[SourceVersionDate "2022.10.05"]
[SourceQuality "1"]

1. e4 d6 2. d4 Nf6 3. Nc3 g6 4. f4 Bg7 5. Nf3 0-0 6. e5 dxe5 7. fxe5 Nd5 8. Bc4 Be6 9. Qe2 Nxc3 10. bxc3 Bxc4 11. Qxc4 Nc6 12. h4 Na5 13. Qd3 Qd5 14. h5 c5 15. hxg6 fxg6 16. Bh6 cxd4 17. Bxg7 Kxg7 18. cxd4 Rac8 19. Ng5 h6 20. Qh3 h5 21. Ne6+ Kg8 22. Nxf8 Qe4+ 23. Kf1 Rxf8+ 24. Kg1 Qxd4+ 25. Kh2 Qxe5+ 26. Qg3 Qxg3+ 27. Kxg3 Rc8 28. Rhe1 Rc3+ 29. Kh2 Nc6 30. Re2 Kg7 31. Rb1 1/2-1/2

[Event "Titled Tuesday intern op 09th Feb"]
[Site "Chess.com INT"]
[Date "2021.02.09"]
[Round "3"]
[White "Karthikeyan, Murali"]
[Black "Valdes, Luis Enrique"]
[Result "1-0"]
[WhiteElo "2606"]
[BlackElo "2402"]
[PlyCount "99"]
[EventDate "2021.02.09"]
[EventType "swiss (blitz)"]
[EventRounds "11"]
[EventCountry "USA"]
[SourceTitle "EXT 2022"]
[Source "ChessBase"]
[SourceDate "2021.10.06"]
[SourceVersion "1"]
[SourceVersionDate "2021.10.06"]
[SourceQuality "1"]

1. e4 c5 2. Nf3 d6 3. Bb5+ Bd7 4. a4 g6 5. 0-0 Bg7 6. Re1 a6 7. Bxd7+ Qxd7 8. c3 Nc6 9. d4 Nf6 10. d5 Ne5 11. Nxe5 dxe5 12. a5 Qc7 13. Nd2 Nd7 14. Nc4 0-0 15. Bg5 f6 16. Be3 f5 17. f3 Rad8 18. d6 exd6 19. Qd5+ Kh8 20. Qxd6 Qc8 21. exf5 gxf5 22. Rad1 e4 23. Qe7 Nf6 24. Nd6 Qd7 25. Nf7+ Rxf7 26. Qxd8+ Qxd8 27. Rxd8+ Ng8 28. fxe4 fxe4 29. Bxc5 h6 30. Rxe4 Kh7 31. Bd4 Bxd4+ 32. Rexd4 Nf6 33. h3 Re7 34. Rb8 Kg6 35. Rb4 Nd5 36. R4xb7 Re1+ 37. Kf2 Rc1 38. Rd8 Nf4 39. Rd6+ Kf5 40. Rxa6 Nd3+ 41. Ke3 Ne5 42. Rb5 Re1+ 43. Kd2 Rg1 44. g4+ Ke4 45. Re6 Rg2+ 46. Kc1 Kd3 47. Rd5+ Kc4 48. Rdxe5 Kb3 49. Rb6+ Ka4 50. Rb4# 1-0

[Event "Titled Tuesday intern op 09th Feb"]
[Site "Chess.com INT"]
[Date "2021.02.09"]
[Round "2"]
[White "Valdes, Luis Enrique"]
[Black "Camlar, Arda"]
[Result "1-0"]
[WhiteElo "2402"]
[BlackElo "1934"]
[PlyCount "87"]
[EventDate "2021.02.09"]
[EventType "swiss (blitz)"]
[EventRounds "11"]
[EventCountry "USA"]
[SourceTitle "EXT 2022"]
[Source "ChessBase"]
[SourceDate "2021.10.06"]
[SourceVersion "1"]
[SourceVersionDate "2021.10.06"]
[SourceQuality "1"]

1. Nf3 Nf6 2. d3 d5 3. g3 c5 4. Bg2 g6 5. 0-0 Bg7 6. Nbd2 0-0 7. e4 Nc6 8. Re1 e5 9. exd5 Nxd5 10. a3 Re8 11. Rb1 h6 12. Ne4 b6 13. c4 Nde7 14. b4 cxb4 15. axb4 Bb7 16. c5 Nf5 17. b5 Ncd4 18. c6 Bc8 19. Nxd4 Nxd4 20. Ba3 Bf8 21. Bxf8 Kxf8 22. Nc3 Qd6 23. h3 Bf5 24. Ne4 Bxe4 25. Rxe4 Qc5 26. Qd2 Kg7 27. Qb2 a6 28. bxa6 Rxa6 29. Kh1 Rea8 30. Rc1 Ra2 31. Rxc5 Rxb2 32. Rcxe5 Ra1+ 33. Kh2 Rxf2 34. Rf4 Rxf4 35. gxf4 Rc1 36. Re7 b5 37. Bd5 b4 38. Rxf7+ Kh8 39. Rb7 b3 40. c7 b2 41. Rb8+ Kg7 42. Rb7 Kf6 43. c8Q Rxc8 44. Rf7# 1-0

[Event "Titled Tuesday intern op 09th Feb"]
[Site "Chess.com INT"]
[Date "2021.02.09"]
[Round "11"]
[White "Valdes, Luis Enrique"]
[Black "Goltseva, Ekaterina"]
[Result "1/2-1/2"]
[WhiteElo "2402"]
[BlackElo "2295"]
[PlyCount "150"]
[EventDate "2021.02.09"]
[EventType "swiss (blitz)"]
[EventRounds "11"]
[EventCountry "USA"]
[SourceTitle "EXT 2022"]
[Source "ChessBase"]
[SourceDate "2021.10.06"]
[SourceVersion "1"]
[SourceVersionDate "2021.10.06"]
[SourceQuality "1"]

1. Nf3 Nf6 2. d3 d5 3. g3 c5 4. Bg2 Nc6 5. 0-0 e5 6. Nbd2 Be7 7. e4 0-0 8. a4 Bg4 9. h3 Bh5 10. exd5 Nxd5 11. Re1 f6 12. c3 Qd7 13. Qc2 Rad8 14. a5 Nc7 15. Nh4 Bf7 16. Ne4 Rfe8 17. Be3 b6 18. axb6 axb6 19. Qa4 Nd5 20. Bd2 h6 21. g4 Bf8 22. Qb5 Qc7 23. Qa4 Nde7 24. Qb5 g5 25. Nf5 Bg7 26. Ra6 Nxf5 27. gxf5 Ne7 28. Rxb6 Nxf5 29. Nxf6+ Bxf6 30. Rxf6 Nh4 31. Be4 Kg7 32. Rb6 Qc8 33. Kh2 Be6 34. Rg1 Re7 35. Bxg5 hxg5 36. Rxg5+ Kf8 37. Rh5 Nf5 38. Rxe6 Qxe6 39. Rxf5+ Rf7 40. Rxf7+ Kxf7 41. Qxc5 Qf6 42. Qe3 Rb8 43. b4 Rd8 44. c4 Qe7 45. Bd5+ Ke8 46. Qe4 Kd7 47. Qf5+ Kc7 48. f4 exf4 49. Qxf4+ Kc8 50. Qf5+ Qd7 51. Qxd7+ Kxd7 52. Be4 Kd6 53. Kg3 Ke5 54. Kf3 Rg8 55. Ke3 Rg3+ 56. Kd2 Rxh3 57. Kc3 Rh6 58. b5 Kd6 59. Kb4 Rh5 60. d4 Kc7 61. c5 Rh4 62. b6+ Kb8 63. Bc2 Rxd4+ 64. Kb5 Rd2 65. Be4 Rb2+ 66. Kc6 Rb4 67. Bd5 Rb1 68. Bc4 Rb4 69. Kd5 Rb1 70. Kc6 Rb4 71. Be6 Rb2 72. Bd5 Rd2 73. Be4 Rb2 74. Bd3 Rb3 75. Bc4 Rb4 1/2-1/2

[Event "Titled Tuesday intern op 09th Feb"]
[Site "Chess.com INT"]
[Date "2021.02.09"]
[Round "7"]
[White "Valdes, Luis Enrique"]
[Black "Schut, Lisa"]
[Result "1-0"]
[WhiteElo "2402"]
[BlackElo "2259"]
[PlyCount "83"]
[EventDate "2021.02.09"]
[EventType "swiss (blitz)"]
[EventRounds "11"]
[EventCountry "USA"]
[SourceTitle "EXT 2022"]
[Source "ChessBase"]
[SourceDate "2021.10.06"]
[SourceVersion "1"]
[SourceVersionDate "2021.10.06"]
[SourceQuality "1"]

1. Nf3 Nf6 2. d3 g6 3. g3 Bg7 4. Bg2 d5 5. 0-0 0-0 6. Nbd2 c5 7. e4 Nc6 8. Re1 dxe4 9. dxe4 Nd4 10. c3 Nxf3+ 11. Qxf3 Bg4 12. Qe3 Qc8 13. e5 Nd7 14. h3 Be6 15. f4 Rd8 16. Ne4 Nb6 17. Nxc5 Bxh3 18. Bxb7 Qg4 19. Qf3 Rab8 20. Qxg4 Bxg4 21. Ba6 Rd5 22. Be3 f6 23. e6 f5 24. Rac1 g5 25. fxg5 Be5 26. Nd7 Nxd7 27. exd7 Rxd7 28. Bc4+ Kg7 29. Bb3 Rd3 30. Bf4 Bxf4 31. gxf4 Rg3+ 32. Kh2 Rf3 33. Rxe7+ Kg6 34. Bf7+ Kg7 35. Bh5+ Kf8 36. Bxg4 Rxb2+ 37. Kh1 fxg4 38. Rxh7 g3 39. Rd1 Ke8 40. Re1+ Kd8 41. Rd1+ Kc8 42. g6 1-0

[Event "Titled Tuesday intern op 4th Aug 10am"]
[Site "Chess.com INT"]
[Date "2020.08.04"]
[Round "6"]
[White "Valdes, Luis Enrique"]
[Black "Maksimovic, Bojan"]
[Result "0-1"]
[WhiteElo "2402"]
[BlackElo "2398"]
[PlyCount "98"]
[EventDate "2020.08.04"]
[EventType "swiss (blitz)"]
[EventRounds "10"]
[EventCountry "USA"]
[SourceTitle "CBM 197 Extra"]
[Source "ChessBase"]
[SourceDate "2020.09.30"]
[SourceVersion "1"]
[SourceVersionDate "2020.09.30"]
[SourceQuality "1"]

1. Nf3 g6 2. g3 Bg7 3. d3 d5 4. Bg2 Nf6 5. 0-0 0-0 6. Nbd2 Bg4 7. h3 Bxf3 8. Nxf3 c6 9. Qe1 e6 10. e4 Nbd7 11. Qe2 a5 12. a3 a4 13. Re1 Qb6 14. e5 Ne8 15. d4 Qa6 16. Qd1 Nc7 17. c3 Rac8 18. h4 h5 19. Bg5 c5 20. Bf1 Qa7 21. Rc1 Na8 22. Bb5 Nab6 23. Be7 Rfe8 24. Bxc5 Qa5 25. Bxd7 Nxd7 26. Bb4 Qb5 27. Ng5 Bh6 28. Qf3 Bxg5 29. hxg5 Kg7 30. Kg2 Rh8 31. Be7 Qxb2 32. Bf6+ Nxf6 33. Qxf6+ Kg8 34. Rb1 Qxc3 35. Rxb7 Rf8 36. Qf4 Qxe1 37. Qf6 Qe4+ 38. Kg1 Qf5 39. Qe7 Kg7 40. Ra7 Rc8 41. Qf6+ Qxf6 42. gxf6+ Kg8 43. Rxa4 Rc4 44. Ra8+ Kh7 45. Ra7 Rf8 46. a4 Rxd4 47. a5 Ra4 48. Kg2 Kg8 49. a6 Rd8 0-1

[Event "Titled Tuesday intern op 4th Aug 10am"]
[Site "Chess.com INT"]
[Date "2020.08.04"]
[Round "4"]
[White "Valdes, Luis Enrique"]
[Black "Mendoza, Beverly"]
[Result "1-0"]
[WhiteElo "2402"]
[BlackElo "1945"]
[PlyCount "65"]
[EventDate "2020.08.04"]
[EventType "swiss (blitz)"]
[EventRounds "10"]
[EventCountry "USA"]
[SourceTitle "CBM 197 Extra"]
[Source "ChessBase"]
[SourceDate "2020.09.30"]
[SourceVersion "1"]
[SourceVersionDate "2020.09.30"]
[SourceQuality "1"]

1. Nf3 Nf6 2. g3 g6 3. Bg2 Bg7 4. 0-0 0-0 5. c4 d6 6. Nc3 e5 7. d3 Nc6 8. Rb1 Bf5 9. Nd2 Re8 10. b4 Nd4 11. Bxb7 Rb8 12. Bg2 c5 13. b5 Qa5 14. Bb2 Bg4 15. Re1 Nd7 16. h3 Be6 17. e3 Nf5 18. Nb3 Qd8 19. a4 Ne7 20. a5 f5 21. a6 Rf8 22. Qc2 e4 23. dxe4 Bxc4 24. exf5 Nxf5 25. Nd2 Ne5 26. Nxc4 Nxc4 27. Bd5+ Kh8 28. Bxc4 Qg5 29. Ne4 Qh6 30. Bxg7+ Kxg7 31. Kg2 Rbe8 32. Qc3+ Re5 33. Nxd6 1-0

[Event "Titled Tuesday intern op 5th May"]
[Site "Chess.com INT"]
[Date "2020.05.05"]
[Round "10"]
[White "Kokol, Peter"]
[Black "Valdes, Luis Enrique"]
[Result "1-0"]
[WhiteElo "2327"]
[BlackElo "2388"]
[PlyCount "73"]
[EventDate "2020.05.05"]
[EventType "swiss (blitz)"]
[EventRounds "10"]
[EventCountry "USA"]
[SourceTitle "CBM 196 Extra"]
[Source "ChessBase"]
[SourceDate "2020.07.31"]
[SourceVersion "1"]
[SourceVersionDate "2020.07.31"]
[SourceQuality "1"]

1. e4 c5 2. Nc3 d6 3. g3 g6 4. Bg2 Bg7 5. d3 Nc6 6. Be3 Nf6 7. h3 Rb8 8. Qd2 0-0 9. Nge2 b5 10. 0-0 b4 11. Nd1 a5 12. Bh6 Ba6 13. Bxg7 Kxg7 14. f4 Qb6 15. Kh2 c4 16. Ne3 cxd3 17. cxd3 Rfc8 18. f5 Nd4 19. Nf4 Bb7 20. fxg6 hxg6 21. Rf2 e5 22. Ne2 Nxe2 23. Qxe2 Rf8 24. Raf1 Ng8 25. Ng4 Bc8 26. Ne3 Be6 27. h4 Qc7 28. h5 Nh6 29. Rf6 Qc5 30. Bh3 Bxh3 31. Kxh3 Rh8 32. Qf3 Rbf8 33. Kg2 Qd4 34. Nd5 Qxb2+ 35. Rf2 Qd4 36. hxg6 a4 37. gxf7 1-0

[Event "Titled Tuesday intern op 5th May"]
[Site "Chess.com INT"]
[Date "2020.05.05"]
[Round "7"]
[White "Valdes, Luis Enrique"]
[Black "Trichkov, Vasil"]
[Result "1-0"]
[WhiteElo "2388"]
[BlackElo "2319"]
[PlyCount "165"]
[EventDate "2020.05.05"]
[EventType "swiss (blitz)"]
[EventRounds "10"]
[EventCountry "USA"]
[SourceTitle "EXT 2021"]
[Source "ChessBase"]
[SourceDate "2020.10.23"]
[SourceVersion "1"]
[SourceVersionDate "2020.10.23"]
[SourceQuality "1"]

1. Nf3 d5 2. g3 Nf6 3. Bg2 c6 4. 0-0 Bf5 5. c4 e6 6. b3 Nbd7 7. Bb2 Bc5 8. d3 0-0 9. Nbd2 h6 10. a3 a5 11. Ra2 Qe7 12. Qa1 Rfd8 13. Bd4 Bxd4 14. Nxd4 Bg6 15. cxd5 exd5 16. N2f3 Re8 17. Bh3 Ne5 18. Rc1 Nxf3+ 19. Nxf3 Qd6 20. Rac2 Re7 21. Nd4 Nd7 22. Bf5 Ne5 23. Bxg6 Qxg6 24. Qb2 Qf6 25. Kg2 Ng4 26. Nf3 Qxb2 27. Rxb2 Rae8 28. Kf1 Ne5 29. Nd4 Ng4 30. Kg2 Ra8 31. h3 Ne5 32. b4 axb4 33. axb4 Ra4 34. Nf5 Rd7 35. b5 h5 36. bxc6 Nxc6 37. e3 g6 38. Nh4 Ra3 39. d4 Ra4 40. Rcb1 Ra7 41. Nf3 Na5 42. Ne5 Rc7 43. Rb5 Nc4 44. Rxd5 Nxe5 45. Rxe5 Ra2 46. Reb5 Rcc2 47. Rf1 Rab2 48. Rxb2 Rxb2 49. Rc1 Kg7 50. Rc7 b5 51. Rb7 Kf6 52. Kf3 b4 53. h4 b3 54. e4 Ke6 55. Ke3 Rb1 56. f3 b2 57. Kf4 Kd6 58. d5 f6 59. Rb3 Kc5 60. Rb8 Kd6 61. Rb5 Kc7 62. Rc5+ Kd6 63. Rc2 Kd7 64. Rd2 Kd6 65. Re2 Kd7 66. Rf2 Kd6 67. Rd2 Kd7 68. d6 Kd8 69. d7 g5+ 70. hxg5 fxg5+ 71. Kxg5 Rg1 72. Rxb2 Rxg3+ 73. Kf4 Rg7 74. Rh2 Rh7 75. Kg5 Kxd7 76. Rxh5 Rf7 77. f4 Ke6 78. Rh6+ Ke7 79. f5 Kf8 80. f6 Ra7 81. Rh8+ Kf7 82. Rh7+ Ke6 83. Rxa7 1-0

[Event "Titled Tuesday intern op 28th Apr"]
[Site "Chess.com INT"]
[Date "2020.04.28"]
[Round "7"]
[White "Valdes, Luis Enrique"]
[Black "Dzhumagaliev, Yan"]
[Result "1-0"]
[WhiteElo "2388"]
[BlackElo "2411"]
[PlyCount "125"]
[EventDate "2020.04.28"]
[EventType "swiss (blitz)"]
[EventRounds "10"]
[EventCountry "USA"]
[SourceTitle "EXT 2021"]
[Source "ChessBase"]
[SourceDate "2020.10.23"]
[SourceVersion "1"]
[SourceVersionDate "2020.10.23"]
[SourceQuality "1"]

1. Nf3 h5 2. h4 d5 3. d3 Nf6 4. g3 Bg4 5. Bg2 c5 6. 0-0 Nc6 7. c4 d4 8. e3 e6 9. exd4 cxd4 10. Nbd2 Be7 11. a3 a5 12. Rb1 0-0 13. Re1 Nd7 14. Qc2 Bf5 15. Ne4 a4 16. Nfg5 Qc7 17. Bf4 e5 18. Bd2 f6 19. Nh3 Rfe8 20. Qd1 Bg4 21. f3 Be6 22. Nhf2 Nf8 23. f4 Bf7 24. f5 Bd8 25. g4 hxg4 26. Qxg4 Nh7 27. Bh6 g6 28. fxg6 Be6 29. gxh7+ Kxh7 30. Qh5 Bf7 31. Nxf6+ Bxf6 32. Qf5+ Bg6 33. Qxf6 Kxh6 34. Qg5+ Kh7 35. Ng4 Qg7 36. Nf6+ Kh8 37. Nxe8 Rxe8 38. Be4 Bxe4 39. Qxg7+ Kxg7 40. Rxe4 Kf6 41. Rf1+ Ke6 42. h5 Rh8 43. Rh4 Rh6 44. Kh2 Ne7 45. Kh3 Nf5 46. Rxf5 Kxf5 47. Kg3 Kg5 48. Rg4+ Kf5 49. Rh4 b6 50. Kf3 Kg5 51. Re4 Kf6 52. Rh4 Kf5 53. Rh3 e4+ 54. dxe4+ Ke5 55. Rh4 Rf6+ 56. Ke2 Rh6 57. Kd3 Rf6 58. h6 Rf3+ 59. Ke2 Rb3 60. h7 Rxb2+ 61. Kd3 Rb3+ 62. Kc2 d3+ 63. Kd2 1-0

[Event "Titled Tuesday intern op 21st April"]
[Site "Chess.com INT"]
[Date "2020.04.21"]
[Round "9"]
[White "Clarke, Brandon GI"]
[Black "Valdes, Luis Enrique"]
[Result "0-1"]
[WhiteElo "2424"]
[BlackElo "2388"]
[PlyCount "92"]
[EventDate "2020.04.21"]
[EventType "swiss (blitz)"]
[EventRounds "10"]
[EventCountry "USA"]
[SourceTitle "EXT 2021"]
[Source "ChessBase"]
[SourceDate "2020.10.23"]
[SourceVersion "1"]
[SourceVersionDate "2020.10.23"]
[SourceQuality "1"]

1. e4 d6 2. d4 Nf6 3. Nc3 g6 4. f4 Bg7 5. Nf3 c5 6. Bb5+ Bd7 7. Bxd7+ Nfxd7 8. d5 b5 9. 0-0 b4 10. Ne2 Qc8 11. Ng3 Qa6 12. e5 0-0 13. e6 fxe6 14. dxe6 Nf6 15. f5 Nc6 16. fxg6 hxg6 17. Nh4 Ne5 18. Bf4 Qc4 19. b3 Qxe6 20. Bxe5 Qxe5 21. Nxg6 Qe3+ 22. Kh1 Rf7 23. Nf5 Qe4 24. Rf4 Qe6 25. Qf3 Re8 26. Rf1 Nd5 27. Rg4 Rxf5 28. Qxf5 Qxf5 29. Rxf5 Ne3 30. Rfg5 Nxg4 31. Rxg4 Kf7 32. h4 Bf6 33. h5 Rg8 34. Kh2 d5 35. Kh3 e5 36. Rg3 e4 37. Kg4 Ke6 38. Kf4 Bg7 39. Kg5 Be5 40. Rg4 e3 41. Rh4 e2 42. Rh1 Bc3 43. h6 Kf7 44. h7 Rxg6+ 45. Kf5 Rf6+ 46. Kg5 Rf1 0-1

[Event "Titled Tuesday intern op 21st April"]
[Site "Chess.com INT"]
[Date "2020.04.21"]
[Round "4"]
[White "Rozum, Ivan"]
[Black "Valdes, Luis Enrique"]
[Result "1/2-1/2"]
[WhiteElo "2566"]
[BlackElo "2388"]
[PlyCount "104"]
[EventDate "2020.04.21"]
[EventType "swiss (blitz)"]
[EventRounds "10"]
[EventCountry "USA"]
[SourceTitle "EXT 2021"]
[Source "ChessBase"]
[SourceDate "2020.10.23"]
[SourceVersion "1"]
[SourceVersionDate "2020.10.23"]
[SourceQuality "1"]

1. d4 Nf6 2. g3 g6 3. Bg2 Bg7 4. e4 d6 5. Nc3 0-0 6. Nge2 e5 7. h3 Nc6 8. Be3 exd4 9. Nxd4 Bd7 10. 0-0 Re8 11. Kh2 a6 12. a4 Na5 13. Qd3 c5 14. Nde2 Bc6 15. Rad1 b5 16. axb5 axb5 17. Qxd6 Qxd6 18. Rxd6 b4 19. Nd5 Bxd5 20. exd5 Nc4 21. Rc6 Nxe3 22. fxe3 Rxe3 23. Nc1 Nh5 24. Rf3 Rxf3 25. Bxf3 Bxb2 26. Nd3 Bd4 27. Nxc5 Bxc5 28. Rxc5 Rb8 29. Bxh5 gxh5 30. d6 Rd8 31. Rd5 Kg7 32. Kg2 Kf6 33. Kf3 Ke6 34. Rxh5 Rxd6 35. Rc5 Rd2 36. Kg4 Kf6 37. Rc6+ Kg7 38. Rc4 h6 39. Kf4 Kg6 40. g4 Rh2 41. Kg3 Rd2 42. Rc6+ f6 43. Rc4 b3 44. cxb3 Rd3+ 45. Kf4 Rxb3 46. h4 h5 47. gxh5+ Kxh5 48. Kf5 Rf3+ 49. Ke6 f5 50. Ke5 f4 51. Rxf4 Rxf4 52. Kxf4 Kxh4 1/2-1/2

[Event "Titled Tuesday intern op 21st April"]
[Site "Chess.com INT"]
[Date "2020.04.21"]
[Round "5"]
[White "Valdes, Luis Enrique"]
[Black "Kuzubov, Yuriy"]
[Result "0-1"]
[WhiteElo "2388"]
[BlackElo "2643"]
[PlyCount "94"]
[EventDate "2020.04.21"]
[EventType "swiss (blitz)"]
[EventRounds "10"]
[EventCountry "USA"]
[SourceTitle "EXT 2021"]
[Source "ChessBase"]
[SourceDate "2020.10.23"]
[SourceVersion "1"]
[SourceVersionDate "2020.10.23"]
[SourceQuality "1"]

1. Nf3 d5 2. g3 Nd7 3. d4 Ngf6 4. Bg2 e6 5. 0-0 b5 6. a4 b4 7. c4 bxc3 8. Nxc3 Be7 9. a5 0-0 10. Bf4 Ba6 11. Re1 c6 12. Qc2 Rc8 13. e4 Ne8 14. Qd2 Nd6 15. b3 Nxe4 16. Nxe4 dxe4 17. Rxe4 Nf6 18. Ree1 Nd5 19. Rec1 Bb4 20. Qd1 Nxf4 21. gxf4 Qf6 22. Ne5 Qxf4 23. Rxc6 Rxc6 24. Nxc6 Bd6 25. Qh5 Bb7 26. Ne7+ Bxe7 27. Bxb7 Qxd4 28. Ra4 Qc3 29. Qf3 Qc1+ 30. Kg2 g6 31. a6 Rd8 32. Rc4 Qg5+ 33. Qg3 Qb5 34. Qf3 Qa5 35. Rf4 Rf8 36. Rc4 Kg7 37. Qe3 Rd8 38. Qf3 Bf6 39. Rf4 Qg5+ 40. Rg4 Qe5 41. Rf4 h5 42. Re4 Qg5+ 43. Qg3 Qc5 44. Qf3 Rd4 45. Rf4 Qg5+ 46. Qg3 Rxf4 47. Qxg5 Bxg5 0-1

[Event "Titled Tuesday intern op 21st April"]
[Site "Chess.com INT"]
[Date "2020.04.21"]
[Round "3"]
[White "Valdes, Luis Enrique"]
[Black "Touzane, Olivier"]
[Result "1-0"]
[WhiteElo "2388"]
[BlackElo "2254"]
[PlyCount "55"]
[EventDate "2020.04.21"]
[EventType "swiss (blitz)"]
[EventRounds "10"]
[EventCountry "USA"]
[SourceTitle "EXT 2021"]
[Source "ChessBase"]
[SourceDate "2020.10.23"]
[SourceVersion "1"]
[SourceVersionDate "2020.10.23"]
[SourceQuality "1"]

1. Nf3 Nf6 2. g3 g6 3. Bg2 Bg7 4. 0-0 0-0 5. c4 d6 6. Nc3 Nc6 7. d3 e5 8. Rb1 a5 9. a3 h6 10. b4 axb4 11. axb4 Be6 12. b5 Ne7 13. Bb2 Qd7 14. Re1 Bh3 15. Bh1 Ng4 16. d4 Qf5 17. e4 Qh5 18. dxe5 dxe5 19. Nd5 Nxd5 20. cxd5 f5 21. Rc1 fxe4 22. Rxe4 Rf7 23. d6 cxd6 24. Qxd6 Raf8 25. Rc7 Rxf3 26. Bxf3 Rxf3 27. Qe7 Bg2 28. Qxg7# 1-0

[Event "Titled Tuesday intern op 14th April"]
[Site "Chess.com INT"]
[Date "2020.04.14"]
[Round "7"]
[White "Lettieri, Giuseppe"]
[Black "Valdes, Luis Enrique"]
[Result "1-0"]
[WhiteElo "2433"]
[BlackElo "2388"]
[PlyCount "69"]
[EventDate "2020.04.14"]
[EventType "swiss (blitz)"]
[EventRounds "10"]
[EventCountry "USA"]
[SourceTitle "EXT 2021"]
[Source "ChessBase"]
[SourceDate "2020.10.23"]
[SourceVersion "1"]
[SourceVersionDate "2020.10.23"]
[SourceQuality "1"]

1. e4 c5 2. Nf3 d6 3. d4 cxd4 4. Nxd4 Nf6 5. Nc3 g6 6. Be3 Bg7 7. f3 0-0 8. Qd2 Nc6 9. Bc4 Bd7 10. h4 Ne5 11. Bb3 h5 12. 0-0-0 Rc8 13. Bg5 Rc5 14. Kb1 b5 15. g4 hxg4 16. h5 Nxh5 17. Nd5 Re8 18. Rxh5 gxh5 19. Qh2 Rxd5 20. Bxd5 Qb6 21. Nf5 Bxf5 22. exf5 gxf3 23. Qxh5 Qf2 24. Bf4 Qe2 25. Rc1 e6 26. fxe6 Rxe6 27. Bxe6 fxe6 28. Qe8+ Bf8 29. Qxe6+ Nf7 30. Qxe2 fxe2 31. Re1 Ne5 32. Bxe5 Bg7 33. Bxg7 Kxg7 34. Rxe2 Kf6 35. b4 1-0

[Event "Titled Tuesday intern op 14th April"]
[Site "Chess.com INT"]
[Date "2020.04.14"]
[Round "1"]
[White "Valdes, Luis Enrique"]
[Black "Elissalt Cardenas, Hector"]
[Result "1-0"]
[WhiteElo "2388"]
[BlackElo "2279"]
[PlyCount "83"]
[EventDate "2020.04.14"]
[EventType "swiss (blitz)"]
[EventRounds "10"]
[EventCountry "USA"]
[SourceTitle "EXT 2021"]
[Source "ChessBase"]
[SourceDate "2020.10.23"]
[SourceVersion "1"]
[SourceVersionDate "2020.10.23"]
[SourceQuality "1"]

1. Nf3 Nf6 2. g3 b6 3. Bg2 Bb7 4. 0-0 e6 5. d3 Be7 6. Nbd2 0-0 7. e4 c5 8. Re1 d6 9. a4 Nbd7 10. Nc4 Qc7 11. Bf4 e5 12. Bg5 a6 13. Bd2 Rfe8 14. c3 Bf8 15. Qb3 d5 16. exd5 Bxd5 17. Ng5 Bxg2 18. Kxg2 Qc6+ 19. Kg1 Qd5 20. Rad1 Rab8 21. Qc2 b5 22. axb5 axb5 23. Ne3 Qc6 24. Nf5 h6 25. Ne4 Nxe4 26. dxe4 c4 27. Be3 Nc5 28. Bxc5 Bxc5 29. Rd5 Bf8 30. Red1 g6 31. Ne3 b4 32. Qe2 bxc3 33. bxc3 Rec8 34. Ng4 Qa4 35. Nxe5 Bg7 36. Nd7 Rb3 37. e5 Re8 38. Qf3 Qa3 39. Nf6+ Bxf6 40. Qxf6 Qe7 41. Rd8 Rxd8 42. Rxd8+ 1-0

[Event "Titled Tuesday intern op 7th April"]
[Site "Chess.com INT"]
[Date "2020.04.07"]
[Round "4"]
[White "Valdes, Luis Enrique"]
[Black "Green, Andrew"]
[Result "1-0"]
[WhiteElo "2388"]
[BlackElo "2154"]
[PlyCount "81"]
[EventDate "2020.04.07"]
[EventType "swiss (blitz)"]
[EventRounds "10"]
[EventCountry "USA"]
[SourceTitle "EXT 2021"]
[Source "ChessBase"]
[SourceDate "2020.10.23"]
[SourceVersion "1"]
[SourceVersionDate "2020.10.23"]
[SourceQuality "1"]

1. Nf3 c5 2. g3 g6 3. Bg2 Bg7 4. 0-0 Nc6 5. d3 d6 6. e4 e5 7. c3 Nge7 8. a3 0-0 9. b4 a6 10. Nbd2 b6 11. Rb1 h6 12. Nc4 b5 13. Ne3 Be6 14. Nh4 Rc8 15. Re1 Qd7 16. Nd5 f5 17. c4 Bxd5 18. cxd5 Nd4 19. Bb2 cxb4 20. axb4 f4 21. Bxd4 exd4 22. Ra1 g5 23. Nf5 Nxf5 24. exf5 Qxf5 25. Be4 Qf7 26. Ra2 Kh8 27. Qg4 fxg3 28. hxg3 Rce8 29. Kg2 Re5 30. f3 Rxd5 31. Rxa6 Re5 32. Rxd6 Qe7 33. Rd7 Qf6 34. Rc1 Re7 35. Rcc7 Rxd7 36. Qxd7 Rd8 37. Rc8 Rxc8 38. Qxc8+ Qf8 39. Qd7 Qxb4 40. Qe8+ Qf8 41. Qg6 1-0